Vista normal
Vista MARC
Entrada Materia (personas)
Número de registros utilizados en: 2
001 - CONTROL NUMBER
- control field: 65996
003 - CONTROL NUMBER IDENTIFIER
- control field: Co-BoUCM
005 - DATE AND TIME OF LATEST TRANSACTION
- control field: 20141120070210.0
008 - FIXED-LENGTH DATA ELEMENTS
- fixed length control field: 141120|| aca||aabn | a|a d
040 ## - CATALOGING SOURCE
- Original cataloging agency: Co-BoUCM
- Transcribing agency: Co-BoUCM
100 ## - HEADING--PERSONAL NAME
- Personal name: Liker, Jeffrey K.
670 ## - SOURCE DATA FOUND
- Source citation: Work cat.: (Co-BoUCM)41542: Liker, Jeffrey K., Las claves del éxito de Toyota 14 principios de gestión del fabricante más grande del mundo, 2010